000 00368nam a2200121Ia 4500
008 200626s9999 xx 000 0 und d
020 _a0-521-82705-1
100 _aHyland, Ken
245 _cKen Hyland.--
_aSecond language writing/
260 _aUnited Kingdom:
_bCambridge University Press
_c2003
300 _axvii, 299 pages
500 _aIncludes Reference, and Index
999 _c363877
_d363877